00349 2200157 4500001002100000005001500021035002000036245004000056100001500096250000600111300001100117260002900128082000800157084001400165990001200179INLIS00000000000255120250604124953 a0010-06250001371 aVegetarian /cDr. AP. Bangun, M.AH.0 aAP. Bangun a1 a59 hlm bAgromedia Pustaka,c2003 a600 a600 AP. v a0712334